| 000 | nam a22 a 4500 | ||
|---|---|---|---|
| 999 |
_c2800 _d2800 |
||
| 005 | 20170518092605.0 | ||
| 008 | 170518b19761986nju||||| |||| 00| 0 eng d | ||
| 020 | _a0135510376 | ||
| 040 | _aAKMAL | ||
| 082 | 0 | 4 | _a651.028 YOU |
| 090 |
_a651.028 _bYOU |
||
| 100 |
_aYourdon, Edward _95913 |
||
| 245 |
_a Managing the structured Techniques. _bStrategies for Software Development n the 1990's. |
||
| 250 | _a3rd edt | ||
| 260 |
_aNew Jersey _bPrentice-Hall _c1986 |
||
| 300 |
_a279p _c22cm |
||
| 942 |
_2ddc _cBOOK |
||